LEADER 00964nam a2200229 i 4500 001 000000167538 003 CaOOAMICUS 005 20071204000000.0 008 071204s1965 it u000 u ita u 013 $a144933 040 $aSeMil$bita 245 10$aScritti e testimonianze in memoria di Padre Giulio Bevilacqua Cardinale :$b1881-1965. 260 $a[S.l. :$bs.n.],$c(Stampa 1965) 300 $a115 p. :$b[1] ritratto, [8] p. di tav. ;$c25 cm. 500 $aFondo Card. Giovanni Colombo. 600 14$aBevilacqua, Giulio .$0(OLS)http://semarc/subject/6974 850 $aSeMil 852 $aSeMil$W1$xVenegono$y1$m3G V 34$j118689$B118689$CSeMilBibl$Z2$F130817 $81 941 1 $a3 961 $aLascito: Colombo Card. Giovanni 996 $6245$aScritti e testimonianze in memoria di Padre Giulio Bevilacqua Cardinale :$b1881-1965$9(OLS)http://semarc/title/239660 996 $6260$a[S.l. :$bs.n.]$9(OLS)http://semarc/publisher/29751 LEADER 01383nam a2200289 i 4500 001 000000208757 003 CaOOAMICUS 005 20190517100356.0 008 111128s1948 it u000 u ger u 013 $a187545 040 $aSeMil$bita 100 1 $aJedin, Hubert,$c.$0(OLS)http://semarc/name/488 245 14$aDas Konzil von Trient :$bein Überblick über die Erforschung seiner Geschichte /$cHubert Jedin. 260 $aRoma :$bEdizioni di Storia e Letteratura,$c1948. 300 $a225 p. ;$c26 cm. 490 0 $aStoria e letteratura : raccolta di studi e testi ;$v19 500 $aEsempl. n. 283 di ed. num. 600 14$aPallavicino, Pietro Sforza .$0(OLS)http://semarc/subject/6684 650 4$aConcilio di Trento <1545-1563>.$0(OLS)http://semarc/subject/58 650 4$aConcilio di Trento <1545-1563> - Storia.$0(OLS)http://semarc/subject/1956 830 0$aStoria e letteratura ;$v19.$0(OLS)http://semarc/title/420 850 $aSeMil 852 $aSeMil$W1$xVenegono$y1$m3T V 19$j159211$B159211$CSeMilBibl$Z2$F170273 $81 961 $aAcquisto: Altro 996 $6245$aDas Konzil von Trient :$bein Überblick über die Erforschung seiner Geschichte$9(OLS)http://semarc/title/301819 996 $6260$aRoma :$bEdizioni di Storia e Letteratura$9(OLS)http://semarc/publisher/29779